00926cac a22002171u 4500090000900000008004100009010001600050020002800066082001700094100004000111245007900151250001200230260003400242300003400276504006400310856007900374856008900453942002400542999001500566952012700581 c4655081204t 2003xxu||||| |||| 00| 0 eng d a 00551915 a0471203661 (alk. paper)00a650.072bSEK aSekaran, Uma. 9146610aResearch methods for business :ba skill-building approach /cUma Sekaran. a4th ed. aNew York :bJ. Wiley,cc2003. axiv, 450 p. :bill. ;c25 cm. aIncludes bibliographical references (p. 426-431) and index.4 3Table of Contents onlyuhttp://www.loc.gov/catdir/toc/onix03/00551915.html4 3Publisher descriptionuhttp://www.loc.gov/catdir/enhancements/fy0611/00551915-d.html cBBk650.072SEK2ddc c4655d4655 00102ddc4070aMAINbMAINc1STd2013-09-07ePurchasel9m59o650.072 SEKp000005666r2025-07-15 00:00:00s2017-11-09yBB